| 000 | 00549nam a22001937a 4500 | ||
|---|---|---|---|
| 003 | SGT | ||
| 020 | _a9786206166511 | ||
| 082 |
_a617.601 _bT23S |
||
| 100 | _aSrivastava, Rangoli | ||
| 245 |
_aThe complete guide to Dental Public HEalth _bEmpowering communities for lifelong oral well-being |
||
| 250 | _a1st | ||
| 260 |
_aGermany _bLambert Academic Publishing _c2023 |
||
| 300 | _a70 | ||
| 650 | _aPublic Health Dentistry | ||
| 653 | _aDental Public Health | ||
| 700 | _aTangade, Pradeep | ||
| 700 | _aPriyadarshi, Surbhi | ||
| 942 |
_2ddc _cBK |
||
| 999 |
_c26760 _d26760 |
||